Normal view MARC view
  • Guide Name:Sardesai Poonam

Entry Personal Name

Number of records used in: 1

001 - CONTROL NUMBER

  • control field: 211041

003 - CONTROL NUMBER IDENTIFIER

  • control field: OSt

005 - DATE AND TIME OF LATEST TRANSACTION

  • control field: 20250110171836.0

008 - FIXED-LENGTH DATA ELEMENTS

  • fixed length control field: 250110|| aca||aabn | a|a d

040 ## - CATALOGING SOURCE

  • Original cataloging agency: OSt
  • Transcribing agency: OSt

100 ## - HEADING--PERSONAL NAME

  • Personal name: Guide Name:Sardesai Poonam

670 ## - SOURCE DATA FOUND

  • Source citation: Work cat.: (OSt)364754: Palandurkar Nikita 184133, Adaptive Ecology : For Soil Erosion Land, 2021